Průmyslové parky ukazujú vlídnejší tvář

Tradičné výrobné a logistické areály fungovali len pre výrobné a distribučné účely, dnes však majú oveľa viac využití. Vznikujú tu ubytovne, jedálne, odpočinkové zóny, škôlky alebo obchody. V blízkosti priemyslových areálov je hromadná a železničná doprava. Trednom u malobchodných značiek je umiestň...

ver descrição completa

Na minha lista:
Detalhes bibliográficos
Autor principal: Kotora, Bohumír
Outros Autores: Novotný, Radek
Formato: Capítulo de Livro
Idioma:tcheco
Assuntos:
Tags: Adicionar Tag
Sem tags, seja o primeiro a adicionar uma tag!

MARC

LEADER 00000naa a2200000 4500
001 0235654
005 20170907101825.4
041 0 |a cze 
044 |a CZ 
245 1 0 |a Průmyslové parky ukazujú vlídnejší tvář  |c Bohumír Kotora, Radek Novotný 
520 |a Tradičné výrobné a logistické areály fungovali len pre výrobné a distribučné účely, dnes však majú oveľa viac využití. Vznikujú tu ubytovne, jedálne, odpočinkové zóny, škôlky alebo obchody. V blízkosti priemyslových areálov je hromadná a železničná doprava. Trednom u malobchodných značiek je umiestňovanie do logistických centier administratívu. Tomu sa musí prispôsobiť architektúra, konštrukcia aj infraštruktúra. 
610 2 0 |a parky priemyselné 
610 2 0 |a nehnuteľnosti 
610 2 0 |a architektúra 
610 2 0 |a priestor pracovný 
610 2 0 |a sklady obchodné 
100 1 |a Kotora, Bohumír 
700 1 |a Novotný, Radek